000 00565nam a2200193Ia 4500
003 OSt
005 20251021142120.0
008 250208b |||||||| |||| 00| 0 pun d
037 _cTB
040 _aARTS
_cARTS
_bpun
041 _2pun
_apun
084 _aO153,1M95x K9;M2
_qAL
100 _aਸਿੰਘ, ਗੁਰਬ
_9848969
245 0 _aਨਾਨਕ ਜੀ
260 _c1969.
650 _aਪੰਜਾਬੀ ਸਾਹਿਤ
_9848970
942 _hO153,1M95x K9;M2
_cTB
_2CC
_n0
999 _c380891
_d380891